Welcome to the Holygrace Academy Library

Please use search bar below to get started

INFINITE IMPACT (Record no. 4798)

MARC details
000 -LEADER
fixed length control field 00259nam a22001337a 4500
020 ## - INTERNATIONAL STANDARD BOOK NUMBER
ISBN 0-8423-7441-8
082 ## - DEWEY DECIMAL CLASSIFICATION NUMBER
Classification number 200
Item number WEB/I
100 ## - MAIN ENTRY--AUTHOR NAME
Personal name WEBER, STU
245 ## - TITLE STATEMENT
Title INFINITE IMPACT
260 ## - PUBLICATION, DISTRIBUTION, ETC. (IMPRINT)
Name of publisher TYNDALEW
300 ## - PHYSICAL DESCRIPTION
Number of Pages 200
650 ## - SUBJECT ADDED ENTRY--TOPICAL TERM
Topical Term SPIRITUAL
942 ## - ADDED ENTRY ELEMENTS (KOHA)
Koha item type Books
Holdings
Withdrawn status Lost status Collection code Home library Current library Shelving location Date acquired Source of acquisition Full call number Accession Number Koha item type
    Non-fiction Main Library Main Library SHELF 15B-U,V,W SECTION NOVELS& FICTION 19/10/2012 purchase 200 WEB/I 07033 Books